Fr. Conceicao Rodrigues College of Engineering

60 minutes to better public speaking (Record no. 30177)

MARC details
000 -LEADER
fixed length control field 00383nam a2200169Ia 4500
082 ## - DEWEY DECIMAL CLASSIFICATION NUMBER
Item number ABD
100 ## - MAIN ENTRY--PERSONAL NAME
Personal name AbdulRahman/Kevin
245 ## - TITLE STATEMENT
Title 60 minutes to better public speaking
260 ## - PUBLICATION, DISTRIBUTION, ETC.
Name of publisher, distributor, etc. Jaico Publishing House
Date of publication, distribution, etc. 2015
366 ## - TRADE AVAILABILITY INFORMATION
Publishers's discount category 28
300 ## - PHYSICAL DESCRIPTION
Extent 138
546 ## - LANGUAGE NOTE
Language note ENGLISH
-- Computers
650 ## - SUBJECT ADDED ENTRY--TOPICAL TERM
Topical term or geographic name entry element Public Speaking
654 ## - SUBJECT ADDED ENTRY--FACETED TOPICAL TERMS
Focus term public speaking
942 ## - ADDED ENTRY ELEMENTS (KOHA)
Koha item type BOOK
Holdings
Withdrawn status Lost status Damaged status Not for loan Collection Home library Current library Date acquired Source of acquisition Cost, normal purchase price Inventory number Total Checkouts Full call number Barcode Date last seen Date last checked out Cost, replacement price Price effective from Koha item type
        CRC Fr. Agnel's C.Rodrigues College of Engineering Fr. Agnel's C.Rodrigues College of Engineering 17/03/2023 Allied Publisher 162.00 1229 dt 22.12.2015 1 ABD 23974 03/06/2026 26/05/2026 225.00   BOOK